000 00924nam0a22002531 4500
001 rc\543130
005 20250621124517.0
010 _a5-08-001320-6
_9150000
035 _a(NLR Aleph) 005779782
090 _a5105508
_c5105508
100 _a20030616d1988 |||y0rusy50 ca
101 0 _arus
102 _aRU
105 _aa |||||||||
200 1 _aУдивительные истории из жизни Дельфины и Маринетты
_e[Для дошк. возраста]
_fМарсель Эме
_gПересказала с фр. И. Кузнецова
_gРисовал М. Федоров
210 _aМ.
_cДет. лит.
_d1988
215 _a64 с.
_cцв. ил.
_d21х20
700 1 _aЭме
_bМ.
_f1902-1967
_gМарсель
702 1 _aКузнецова
_bИ.И.
_gИрина Исаевна
_4570
801 0 _aRU
_bNLR
_gpsbo
801 1 _aRU
_bELAR
_2rusmarc
852 _aNLR
_j89-4/522
942 _cBOOK
980 _aNB